000 00467cam a2200193ua 4500
001 9460
005 20260515114453.0
008 150916n ii |||gr||||Z||||||ben
040 _cMAIN
041 _aben
082 _a651.7
100 _aAcharya, P.,
_eAuthor.
245 1 _aBanijya bichinta
_cby P Acharya
250 _a5th ed.
260 _aCalcutta:
_bRabindra library,
_c1969.
653 _aOffice services
653 _aCommercial correspondence
942 _cBK
999 _c8501
_d8501